Las Cortes de Cádiz y la Constitución de 1812 : (Record no. 16419)

MARC details
000 -LEADER
campo de control de longitud fija 00809nam a2200217 i 4500
001 - NÚMERO DE CONTROL
campo de control 16419
003 - IDENTIFICADOR DE NÚMERO DE CONTROL
campo de control ES-MaACL
005 - FECHA Y HORA DE LA ÚLTIMA TRANSACCIÓN
campo de control 20230906151321.0
007 - CAMPO FIJO DE DESCRIPCIÓN FÍSICA--INFORMACIÓN GENERAL
campo de control de longitud fija t|
008 - DATOS DE LONGITUD FIJA--INFORMACIÓN GENERAL
campo de control de longitud fija 000918s1987 sp b ||||1| spa d
080 ## - NÚMERO DE LA CLASIFICACIÓN DECIMAL UNIVERSAL
Número de la Clasificación Decimal Universal 016:342.4(460)"1812"
080 ## - NÚMERO DE LA CLASIFICACIÓN DECIMAL UNIVERSAL
Número de la Clasificación Decimal Universal 016:328(460)"1808/1814"
110 1# - ENTRADA PRINCIPAL--NOMBRE DE ENTIDAD CORPORATIVA
Nombre de entidad corporativa o nombre de jurisdicción como elemento de entrada España.
Unidad subordinada Cortes Generales.
-- Senado.
-- Biblioteca.
9 (RLIN) 3676
245 14 - MENCIÓN DEL TÍTULO
Título Las Cortes de Cádiz y la Constitución de 1812 :
Resto del título catálogo bibliográfico /
Mención de responsabilidad, etc. [catálogo elaborado por Rosario Herrero Gutiérrez ... et al.].
260 ## - PUBLICACIÓN, DISTRIBUCIÓN, ETC.
Lugar de publicación, distribución, etc. Madrid :
Nombre del editor, distribuidor, etc. Cortes Generales,
Fecha de publicación, distribución, etc. [1987]
300 ## - DESCRIPCIÓN FÍSICA
Extensión 53 p. :
Otras características físicas il. ;
Dimensiones 24 cm.
610 14 - PUNTO DE ACCESO ADICIONAL DE MATERIA--NOMBRE DE ENTIDAD CORPORATIVA
Nombre de entidad corporativa o nombre de jurisdicción como elemento de entrada España.
Unidad subordinada Cortes de Cádiz-
Subdivisión de forma Bibliografías.
9 (RLIN) 173851
610 1# - PUNTO DE ACCESO ADICIONAL DE MATERIA--NOMBRE DE ENTIDAD CORPORATIVA
Nombre de entidad corporativa o nombre de jurisdicción como elemento de entrada España.
Título de la obra Constitución, 1812.
9 (RLIN) 3652
700 1# - ENTRADA AGREGADA--NOMBRE PERSONAL
Nombre de persona Herrero Gutiérrez, Rosario.
9 (RLIN) 63318
852 4# - LOCALIZACIÓN
Ubicación ES-MaACL
Número de control de estantería G-2157
Holdings
Estatus retirado Estado de pérdida Estado de daño No para préstamo Biblioteca de origen Biblioteca actual Ubicación en estantería Fecha de adquisición Fuente de adquisición Total de préstamos Signatura topográfica completa Código de barras Visto por última vez Precio de reemplazo Tipo de ítem Koha
        Biblioteca del Ateneo de Madrid Biblioteca del Ateneo de Madrid Depósito 2 17/01/2008     G-2157 1016681 23/02/2023 23/02/2023 Libro impreso